Тектоника Кузбасса; Международный геологический конгресс

Bibliografiske detaljer
Parent link:Международный геологический конгресс.— 1937.— С. 53
Hovedforfatter: Усов М. А. Михаил Антонович
Sprog:russisk
Udgivet: 1937
Serier:Геология угольных месторождений
Fag:
Format: MixedMaterials Book Chapter
KOHA link:https://koha.lib.tpu.ru/cgi-bin/koha/opac-detail.pl?biblionumber=177052

MARC

LEADER 00000naa2a2200000 4500
001 177052
005 20231031165456.0
035 |a (RuTPU)RU\TPU\book\191958 
035 |a RU\TPU\tpu\2992 
090 |a 177052 
100 |a 20100311d1937 k y0rusy50 ca 
101 0 |a rus 
102 |a RU 
200 1 |a Тектоника Кузбасса  |f М. А. Усов 
225 1 |a Геология угольных месторождений 
463 0 |0 (RuTPU)RU\TPU\book\191614  |t Международный геологический конгресс  |o XVII сессия, СССР, 1937  |o тезисы докладов  |v С. 53  |d 1937  |p 259 с. 
610 1 |a геолого-географические науки 
610 1 |a труды учёных ТПУ 
700 1 |a Усов  |b М. А.  |c российский геолог  |c профессор Томского технологического института  |f 1883-1939  |g Михаил Антонович  |2 stltpush  |3 (RuTPU)RU\TPU\pers\1941 
801 0 |a RU  |b 63413507  |c 20011210  |g PSBO 
801 2 |a RU  |b 63413507  |c 20100311  |g PSBO 
942 |c BK